000 00432nam a2200169Ia 4500
003 GCL
008 140319s9999 xx 000 0 eng d
040 _aGCL /
_cGCL
082 0 4 _a370.15
_bAV
100 1 _aALEXANDER, ROBIN
245 1 0 _aVERSIONS OF PRIMARY EDUCATION /
_cALEXANDER, ROBIN
260 _a[S.N] :
_bROUTLEDGE ،
_c1995
650 0 4 _aTEACHING
650 0 4 _aPRIMARY SCHOOLS
650 0 4 _aEDUCATION
942 _2ddc
_cBK
999 _c11552
_d11552